Обследование состояния работы среди немцев и других нацменьшинств Запада

Доступно только в Электронных читальных залах Найти на картеНа карте
RUSMARC
00005681nmc2a22004093x 450
0013b20964a-80c6-4602-94c4-2bc22a8cb88a
00520241221191013.0
100##$a20241113l1930 k y0rusy50 ca
1010#$arus
$amul
102##$aRU
105##$aa z |||||
1220#$ad19301231
2001#$aОбследование состояния работы среди немцев и других нацменьшинств Запада
$j1930
215##$a95 листов
$cтабл.
$d32,3 х 21,3
251##$cДело
300##$aЗаголовок дела на папке: Обследования состояния работы среди немцев и других нацменьшинств Запада: в УССР - т. Шишканов, в БССР - т. Полянская, в Сибкрае - т. Михайлидис, в Н. Волжск. кр. - т... (с 20/I...)
300##$aВ деле имеются телеграммы
300##$aЧасть текста на иностранных языках
300##$aНумерация начинается с конца дела
300##$aЧасть текста машинописная с рукописными пометками, часть – напечатана типографским способом
461#0$1001796d4672-8a00-4986-b488-6e42273792cc
$12001
$aЦЕНТРАЛЬНЫЙ ИСПОЛНИТЕЛЬНЫЙ КОМИТЕТ СССР (ЦИК СССР).
$1251
$cФонд
$1852
$gР
$j3316
462#0$10017ec774ca-f130-4901-bc43-09a1cb14aa51
$12001
$aДела Секретариата Президиума ЦИК Союза ССР. 1930 г.
$vД. 1353
$1251
$cОпись
$1852
$j23
5171#$aОбследования состояния работы среди немцев и других нацменьшинств Запада: в УССР - т. Шишканов, в БССР - т. Полянская, в Сибкрае - т. Михайлидис, в Н. Волжск. кр. - т... (с 20/I...)
600#1$aШишканов
600#1$aПолянская
600#1$aМихайлидис
605##$3DITM\AF\0000002775
$aВласть
$lколлекция
$2acquisition_prlib
607##$aУССР
607##$aБССР
607##$aСибирский край
607##$aНижне-Волжский край
6101#$aОбследования
$aНемцы
$aНациональные меньшинства
$aЗапад
686##$a63.3(2)61-332ю1
$cИстория
$2rubbk
686##$a67.400.6ю1
$cПраво
$2rubbk
801#0$aRU
$bGA_RF
801#1$aRU
$bГлавНИВЦ
$c20241113
$2rusmarc
801#2$aRU
$bПБ им. Б.Н. Ельцина
$c20241221
$gRCR
$2rusmarc
852##$aГА РФ
$j1353
937##$d195599802
$hГАРФ
035##$aRuPRLIB51078692
856##$uhttp://readingroom.main.prlib.ru/item.aspx?id_node=n195599802&mode=full
Формат отображения